| 000 | 01026nam a2200253 i 4500 | ||
|---|---|---|---|
| 001 | 21702 | ||
| 003 | ES-MaACL | ||
| 005 | 20250720042723.0 | ||
| 007 | t| | ||
| 008 | 021127s1856 sp ac |||| |cspa d | ||
| 040 | _cES-MaACL | ||
| 080 | _a929:27-36 | ||
| 245 | 0 | 0 |
_aÁlbum religioso, artístico-pintoresco : _bvidas de los santos nuevamente escritas por una reunión de eclesiásticos y de escritores católicos... : colección de biografías / _cbajo la dirección de Joaquín Roca y Cornet. |
| 260 |
_aBarcelona : _bJuan Olivares, _c1856. |
||
| 300 |
_a454 p. : _bil. ; _c30 cm. |
||
| 530 | _aDisponible en formato digital | ||
| 650 | 4 |
_aSantos- _xBiografías _916988 |
|
| 700 | 1 |
_aRoca y Cornet, Joaquín, _d1804-1873 _9131904 _epbd |
|
| 852 |
_aES-MaACL _cSPB _jB-10940 |
||
| 856 |
_uhttps://bvpb.mcu.es/es/consulta/registro.do?id=577780 _yVersión en línea _z(Biblioteca Virtual del Patrimonio Bibliográfico) |
||
| 942 |
_cMONANT _n0 |
||
| 999 |
_c21702 _d21702 |
||